[Event "Chess24 Banter Blitz Cup"]
[Site "chess24.com INT"]
[Date "2020.01.04"]
[Round "2.6"]
[White "Moiseenko, Alexander"]
[Black "Cheparinov, Ivan"]
[Result "1-0"]
[WhiteTitle "GM"]
[BlackTitle "GM"]
[WhiteElo "2635"]
[BlackElo "2670"]
[WhiteFideId "14102560"]
[BlackFideId "2905540"]
[EventDate "2019.09.25"]
[EventType "blitz"]

1. d4 Nf6 2. Bg5 c5 3. Nc3 d5 4. e4 dxe4 5. dxc5 Qa5 6. Bb5+ Bd7 7. Bxf6 exf6 8.
a4 a6 9. Bxd7+ Nxd7 10. Ne2 Nxc5 11. O-O Rd8 12. Qc1 Be7 13. Ng3 O-O 14. Re1
Rfe8 15. Ncxe4 Nxe4 16. Rxe4 f5 17. Re1 Bf6 18. c3 g6 19. h3 Qd5 20. Nf1 Qd3 21.
Rd1 Qxd1 22. Qxd1 Rxd1 23. Rxd1 Re2 24. Rd2 Re4 25. a5 Re5 26. b4 Re7 27. Rc2
Rc7 28. c4 f4 29. Nd2 Rd7 30. Kf1 Bd4 31. Ke2 Re7+ 32. Kf3 g5 33. c5 Re6 34. Nb3
Bf6 35. c6 bxc6 36. Nc5 Re7 37. Nxa6 Rd7 38. Rxc6 Rd3+ 39. Ke4 Rb3 40. Rxf6 1-0

[Event "Chess24 Banter Blitz Cup"]
[Site "chess24.com INT"]
[Date "2020.01.04"]
[Round "2.7"]
[White "Cheparinov, Ivan"]
[Black "Moiseenko, Alexander"]
[Result "1-0"]
[WhiteTitle "GM"]
[BlackTitle "GM"]
[WhiteElo "2670"]
[BlackElo "2635"]
[WhiteFideId "2905540"]
[BlackFideId "14102560"]
[EventDate "2019.09.25"]
[EventType "blitz"]

1. d4 Nf6 2. c4 e6 3. Nf3 d5 4. Nc3 dxc4 5. e4 b5 6. e5 Nd5 7. Nxb5 Nb6 8. Be2
Bb7 9. O-O Be7 10. Qd2 Qd7 11. Nc3 Nc6 12. Rd1 Nb4 13. Qf4 f5 14. exf6 gxf6 15.
b3 cxb3 16. axb3 a6 17. Ne4 N6d5 18. Qh6 O-O-O 19. Nc5 Bxc5 20. dxc5 e5 21. Bd2
Qc6 22. Bc4 Kb8 23. Bxb4 Nxb4 24. Rxd8+ Rxd8 25. Qxh7 Qxc5 26. Nh4 Qd4 27. Rf1
a5 28. Qe7 Nc6 29. Qxf6 a4 30. Nf3 Qc3 31. Bb5 a3 32. Bxc6 Qxc6 33. Qxd8+ Ka7
34. Ra1 Qa6 35. Qd2 Bxf3 36. Qe3+ 1-0

[Event "Chess24 Banter Blitz Cup"]
[Site "chess24.com INT"]
[Date "2020.01.04"]
[Round "2.8"]
[White "Moiseenko, Alexander"]
[Black "Cheparinov, Ivan"]
[Result "1/2-1/2"]
[WhiteTitle "GM"]
[BlackTitle "GM"]
[WhiteElo "2635"]
[BlackElo "2670"]
[WhiteFideId "14102560"]
[BlackFideId "2905540"]
[EventDate "2019.09.25"]
[EventType "blitz"]

1. d4 Nf6 2. Bg5 c5 3. Nc3 d5 4. e4 dxe4 5. dxc5 Qa5 6. Bb5+ Bd7 7. Bxf6 exf6 8.
a4 a6 9. Bxd7+ Nxd7 10. Ne2 Nxc5 11. O-O Rd8 12. Qc1 f5 13. Ng3 g6 14. f3 h5 15.
fxe4 Bh6 16. Qe1 f4 17. Nge2 Ne6 18. Nd5 Qxe1 19. Rfxe1 O-O 20. c3 g5 21. Rad1
Bg7 22. Nd4 Nxd4 23. cxd4 Rd7 24. h4 gxh4 25. Kf2 f5 26. Nb6 Rxd4 27. exf5 Rxf5
28. Kf3 Rb4 29. Rd8+ Kh7 30. Nd5 Rb3+ 31. Kf2 f3 32. gxf3 Rxb2+ 33. Kg1 Rxf3 34.
Rd7 Rg3+ 35. Kh1 Rh3+ 36. Kg1 Rg3+ 37. Kh1 Kh6 38. a5 Rg6 39. Nf4 Rf6 40. Ne6
Bh8 41. Rd8 Bg7 42. Rd7 Rg6 43. Nxg7 Rxg7 44. Re6+ Kh7 45. Rh6+ Kxh6 46. Rd6+
Kh7 47. Rh6+ Kxh6 1/2-1/2

[Event "Chess24 Banter Blitz Cup"]
[Site "chess24.com INT"]
[Date "2020.01.04"]
[Round "2.9"]
[White "Cheparinov, Ivan"]
[Black "Moiseenko, Alexander"]
[Result "1/2-1/2"]
[WhiteTitle "GM"]
[BlackTitle "GM"]
[WhiteElo "2670"]
[BlackElo "2635"]
[WhiteFideId "2905540"]
[BlackFideId "14102560"]
[EventDate "2019.09.25"]
[EventType "blitz"]

1. d4 Nf6 2. c4 e6 3. Nf3 d5 4. g3 Bb4+ 5. Bd2 Bd6 6. Bg2 O-O 7. Qc2 Nbd7 8. O-O
c6 9. Nc3 dxc4 10. a4 e5 11. Rad1 Qe7 12. Nh4 g6 13. Bg5 exd4 14. Rxd4 Be5 15.
Rxc4 Nb6 16. Re4 Qc5 17. Rxe5 Qxe5 18. Nf3 Qe6 19. Nd4 Qe5 20. Nf3 Qe6 21. Nd4
Qe5 22. Nf3 1/2-1/2

[Event "Chess24 Banter Blitz Cup"]
[Site "chess24.com INT"]
[Date "2020.01.04"]
[Round "2.10"]
[White "Moiseenko, Alexander"]
[Black "Cheparinov, Ivan"]
[Result "1-0"]
[WhiteTitle "GM"]
[BlackTitle "GM"]
[WhiteElo "2635"]
[BlackElo "2670"]
[WhiteFideId "14102560"]
[BlackFideId "2905540"]
[EventDate "2019.09.25"]
[EventType "blitz"]

1. d4 Nf6 2. c4 g6 3. Nc3 d5 4. Bg5 Ne4 5. Bh4 Nxc3 6. bxc3 dxc4 7. e3 Be6 8.
Qb1 c5 9. Qxb7 Bd5 10. Qb5+ Qd7 11. Rb1 Qxb5 12. Rxb5 Nd7 13. Nf3 e6 14. Be2 Be7
15. Bxe7 Kxe7 16. Kd2 Rhb8 17. Rhb1 a6 18. Rxb8 Rxb8 19. Rxb8 Nxb8 20. Ne5 Bxg2
21. Bxc4 cxd4 22. cxd4 Bb7 23. Kc3 f6 24. Nd3 Kd6 25. Nc5 Bc8 26. Ne4+ Ke7 27.
Kb4 e5 28. dxe5 Nc6+ 29. Kc5 Nxe5 30. Be2 g5 31. a4 g4 32. a5 f5 33. Nd6 Nd7+
34. Kc6 Ne5+ 35. Kc7 Be6 36. Bxa6 Bd5 37. Nxf5+ Kf6 38. Nd4 h5 39. Bb7 Bc4 40.
a6 Bxa6 41. Bxa6 h4 42. Be2 Kg5 43. Kd6 1-0

[Event "Chess24 Banter Blitz Cup"]
[Site "chess24.com INT"]
[Date "2020.01.04"]
[Round "2.11"]
[White "Cheparinov, Ivan"]
[Black "Moiseenko, Alexander"]
[Result "1-0"]
[WhiteTitle "GM"]
[BlackTitle "GM"]
[WhiteElo "2670"]
[BlackElo "2635"]
[WhiteFideId "2905540"]
[BlackFideId "14102560"]
[EventDate "2019.09.25"]
[EventType "blitz"]

1. d4 Nf6 2. c4 e6 3. Nf3 d5 4. g3 Bb4+ 5. Bd2 Bd6 6. Bg2 O-O 7. Qc2 Nbd7 8. O-O
c6 9. b3 Ne4 10. Nc3 Nxd2 11. Nxd2 f5 12. e3 Qe7 13. a4 a5 14. f4 Nf6 15. Nf3 b6
16. Rfe1 Bb7 17. cxd5 cxd5 18. Nb5 Rac8 19. Qd3 Ba6 20. Rec1 Ne4 21. Nd2 Bxb5
22. axb5 Bb4 23. Nxe4 fxe4 24. Qe2 Bc3 25. Rab1 Rc7 26. Bh3 Rfc8 27. Rc2 Bb4 28.
Rbc1 Rxc2 29. Rxc2 Rxc2 30. Qxc2 Kf7 31. Qc6 Qd6 32. Qb7+ Kf6 33. Kf2 h6 34. Bg4
g6 35. Qc8 h5 36. Bh3 Qe7 37. g4 Kg7 38. g5 Kf7 39. Ke2 Qd6 40. Qh8 Qf8 41. Qh7+
Ke8 42. Bxe6 Qe7 43. Qxg6+ Kd8 44. Qg8+ Kc7 45. Bxd5 1-0

[Event "Chess24 Banter Blitz Cup"]
[Site "chess24.com INT"]
[Date "2020.01.04"]
[Round "2.12"]
[White "Moiseenko, Alexander"]
[Black "Cheparinov, Ivan"]
[Result "1/2-1/2"]
[WhiteTitle "GM"]
[BlackTitle "GM"]
[WhiteElo "2635"]
[BlackElo "2670"]
[WhiteFideId "14102560"]
[BlackFideId "2905540"]
[EventDate "2019.09.25"]
[EventType "blitz"]

1. d4 Nf6 2. c4 e6 3. Nc3 Bb4 4. Nf3 b6 5. Bg5 Bb7 6. Nd2 h6 7. Bh4 Be7 8. e4
Nxe4 9. Bxe7 Nxc3 10. Bxd8 Nxd1 11. Bxc7 Nxb2 12. a4 d5 13. cxd5 Bxd5 14. Rb1
Nxa4 15. Bxb8 Rxb8 16. Bb5+ Ke7 17. Bxa4 Bxg2 18. Rg1 Bd5 19. Rxg7 Rhc8 20. Ke2
a6 21. Rh7 b5 22. Bb3 Bxb3 23. Rxb3 a5 24. Rf3 Rf8 25. Rxh6 a4 26. d5 b4 27.
dxe6 fxe6 28. Rh7+ Kd6 29. Rd3+ Kc6 30. Nc4 Rfd8 31. Ne5+ Kb5 32. Nd7 b3 33.
Nxb8 Rxb8 34. Kd2 Rf8 35. Kc3 Rc8+ 36. Kb2 Rc2+ 37. Kb1 Rxf2 38. Rh4 Rf1+ 39.
Kb2 Rf2+ 40. Kc1 Rf1+ 41. Kb2 Rf2+ 42. Kb1 Rf1+ 43. Kb2 1/2-1/2

[Event "Chess24 Banter Blitz Cup"]
[Site "chess24.com INT"]
[Date "2020.01.04"]
[Round "2.13"]
[White "Cheparinov, Ivan"]
[Black "Moiseenko, Alexander"]
[Result "0-1"]
[WhiteTitle "GM"]
[BlackTitle "GM"]
[WhiteElo "2670"]
[BlackElo "2635"]
[WhiteFideId "2905540"]
[BlackFideId "14102560"]
[EventDate "2019.09.25"]
[EventType "blitz"]

1. d4 Nf6 2. c4 e6 3. Nf3 d5 4. g3 Bb4+ 5. Bd2 Bd6 6. Bg2 O-O 7. O-O c6 8. Qc2
Nbd7 9. Bg5 h6 10. Bxf6 Nxf6 11. Nbd2 b6 12. e4 Be7 13. e5 Nd7 14. cxd5 cxd5 15.
Rfc1 Nb8 16. Nf1 Bd7 17. Ne3 Nc6 18. h4 Rc8 19. Qd2 Na5 20. Bf1 b5 21. Rxc8 Bxc8
22. b3 Qb6 23. Bd3 Bd7 24. Ng4 f5 25. exf6 Bxf6 26. Nxf6+ Rxf6 27. Ne5 Be8 28.
Rc1 Nc6 29. Nxc6 Bxc6 30. Rc5 e5 31. dxe5 Qxc5 32. exf6 d4 33. Qf4 Qd5 34. Kf1
g5 35. hxg5 hxg5 36. Qc7 Qh1+ 37. Ke2 Bf3+ 38. Kd2 Qd1# 0-1

[Event "Chess24 Banter Blitz Cup"]
[Site "chess24.com INT"]
[Date "2020.01.04"]
[Round "2.14"]
[White "Moiseenko, Alexander"]
[Black "Cheparinov, Ivan"]
[Result "1/2-1/2"]
[WhiteTitle "GM"]
[BlackTitle "GM"]
[WhiteElo "2635"]
[BlackElo "2670"]
[WhiteFideId "14102560"]
[BlackFideId "2905540"]
[EventDate "2019.09.25"]
[EventType "blitz"]

1. d4 Nf6 2. c4 e6 3. Nc3 Bb4 4. Nf3 d5 5. Bg5 h6 6. Bxf6 Qxf6 7. e3 O-O 8. Rc1
Nc6 9. a3 Bxc3+ 10. Rxc3 Rd8 11. cxd5 exd5 12. Bb5 Nb8 13. O-O c6 14. Be2 Bg4
15. Ne5 Bxe2 16. Qxe2 Nd7 17. Nxd7 Rxd7 18. b4 a6 19. a4 Re8 20. Qd3 Re6 21. b5
axb5 22. axb5 g6 23. bxc6 bxc6 24. Rfc1 Kg7 25. h3 h5 26. Qc2 Rdd6 27. Ra1 h4
28. Qd1 Qf5 29. Qg4 Qxg4 30. hxg4 Rd7 31. Ra6 Rc7 32. g5 f6 33. gxf6+ Kxf6 34.
Kh2 g5 35. Kh3 Kf5 36. f3 Rce7 37. Rcxc6 Rxc6 38. Rxc6 Rxe3 39. Rd6 g4+ 40. Kxh4
gxf3 41. gxf3 Rxf3 42. Rxd5+ Ke4 43. Rd8 Rd3 44. d5 Rxd5 45. Rxd5 Kxd5 1/2-1/2

[Event "Chess24 Banter Blitz Cup"]
[Site "chess24.com INT"]
[Date "2020.01.04"]
[Round "2.15"]
[White "Cheparinov, Ivan"]
[Black "Moiseenko, Alexander"]
[Result "1-0"]
[WhiteTitle "GM"]
[BlackTitle "GM"]
[WhiteElo "2670"]
[BlackElo "2635"]
[WhiteFideId "2905540"]
[BlackFideId "14102560"]
[EventDate "2019.09.25"]
[EventType "blitz"]

1. e4 c5 2. Nf3 Nc6 3. d4 cxd4 4. Nxd4 Nf6 5. Nc3 e5 6. Ndb5 d6 7. Nd5 Nxd5 8.
exd5 Nb8 9. c4 Be7 10. c5 O-O 11. Bd3 a6 12. Nxd6 Bxd6 13. cxd6 Qxd6 14. O-O Nd7
15. Qc2 Nf6 16. Rd1 Bg4 17. f3 Rac8 18. Qb3 Bh5 19. Bg5 b5 20. Bf5 Rc5 21. Qa3
Nxd5 22. Be3 b4 23. Qxb4 Nxb4 24. Rxd6 Rd5 25. Rxd5 Nxd5 26. Bc5 Rb8 27. Rd1 Nf4
28. Ba7 Rf8 29. Bc5 Rb8 30. Ba7 Rf8 31. b4 Bg6 32. Bxg6 hxg6 33. Rd6 Rc8 34. Bc5
Ne6 35. Rd5 a5 36. a3 axb4 37. axb4 Nxc5 38. bxc5 f6 39. Kf2 Kf7 40. Ke3 Ke6 41.
Rd6+ Kf5 42. g4+ Kg5 43. c6 f5 44. h4+ Kxh4 45. Rxg6 fxg4 46. Rxg4+ Kh5 47. Rc4
Kg5 48. Ke4 Kf6 49. c7 Ke6 50. Rc3 1-0

[Event "Chess24 Banter Blitz Cup"]
[Site "chess24.com INT"]
[Date "2020.01.04"]
[Round "2.16"]
[White "Moiseenko, Alexander"]
[Black "Cheparinov, Ivan"]
[Result "0-1"]
[WhiteTitle "GM"]
[BlackTitle "GM"]
[WhiteElo "2635"]
[BlackElo "2670"]
[WhiteFideId "14102560"]
[BlackFideId "2905540"]
[EventDate "2019.09.25"]
[EventType "blitz"]

1. d4 Nf6 2. c4 e6 3. Nc3 Bb4 4. Nf3 d5 5. Bg5 h6 6. Bxf6 Qxf6 7. e3 O-O 8. Rc1
dxc4 9. Bxc4 c5 10. O-O cxd4 11. Ne4 Qe7 12. exd4 Nc6 13. a3 Ba5 14. b4 Bb6 15.
Qd3 Rd8 16. Nc5 a5 17. Qc3 axb4 18. axb4 Qf6 19. Rfd1 Ne7 20. Ne5 Nd5 21. Qb3
Qe7 22. h3 Bc7 23. Bf1 Bd6 24. b5 Nb6 25. Ne4 Bc7 26. Qf3 Nd5 27. Nc5 Bd6 28.
Bd3 Rf8 29. Qe4 Nf6 30. Qh4 Nd5 31. Qg3 Bc7 32. Qf3 Bd6 33. g3 Nf6 34. Bb1 Nd5
35. h4 b6 36. Ne4 Ra3 37. Qe2 Bb4 38. Qc2 f5 39. Nc6 Qf7 40. Nxb4 fxe4 41. Nc6
Nc3 42. Rf1 Nxb1 43. Ne5 Rd3 0-1

[Event "Chess24 Banter Blitz Cup"]
[Site "chess24.com INT"]
[Date "2019.12.31"]
[Round "2.1"]
[White "Larino Nieto, David"]
[Black "Praggnanandhaa, R"]
[Result "1/2-1/2"]
[WhiteTitle "GM"]
[BlackTitle "GM"]
[WhiteElo "2473"]
[BlackElo "2567"]
[WhiteFideId "2256444"]
[BlackFideId "25059530"]
[EventDate "2019.09.25"]
[EventType "blitz"]

1. e4 c5 2. Nc3 Nc6 3. g3 g6 4. Bg2 Bg7 5. d3 d6 6. f4 e6 7. Nf3 Nge7 8. O-O O-O
9. Be3 b6 10. Bf2 Bb7 11. d4 d5 12. e5 cxd4 13. Nxd4 Nxd4 14. Bxd4 Rc8 15. g4
Rc4 16. b3 Rc8 17. Qd2 Nc6 18. Bf2 g5 19. fxg5 Bxe5 20. Rae1 Bg7 21. Ne2 Ba6 22.
h4 Ne5 23. Bd4 Qc7 24. c3 Nxg4 25. Rf4 e5 26. Rxg4 exd4 27. cxd4 Qc2 28. Qxc2
Rxc2 29. Ng3 Rxa2 30. Bxd5 Rd8 31. Nf5 Bc8 32. Ne7+ Kh8 33. Nxc8 Rxc8 34. Bxf7
Rd2 35. Be6 Rf8 36. Rg2 Bxd4+ 37. Kh1 Rd3 38. h5 Rf4 39. g6 hxg6 40. hxg6 Kg7
41. Bf7 Bf6 42. Rh2 Rh4 43. Rxh4 Bxh4 44. Rf1 Rd7 45. Kg2 Re7 46. Rh1 Bf6 47.
Rh7+ Kf8 48. Rh4 Bg7 49. Rg4 Rd7 50. Rf4 Rd2+ 51. Kg3 Rd4 52. Rxd4 Bxd4 53. Kf3
Bc5 54. Ke4 a5 55. Kd5 Bb4 56. Kc4 Kg7 57. Kb5 Bd2 58. Ka4 Bb4 59. Kb5 Be1 60.
Ka4 Bb4 61. Kb5 1/2-1/2

[Event "Chess24 Banter Blitz Cup"]
[Site "chess24.com INT"]
[Date "2019.12.31"]
[Round "2.2"]
[White "Praggnanandhaa, R"]
[Black "Larino Nieto, David"]
[Result "1-0"]
[WhiteTitle "GM"]
[BlackTitle "GM"]
[WhiteElo "2567"]
[BlackElo "2473"]
[WhiteFideId "25059530"]
[BlackFideId "2256444"]
[EventDate "2019.09.25"]
[EventType "blitz"]

1. Nf3 e6 2. g3 g5 3. e4 d6 4. h3 h6 5. Bg2 Bg7 6. d4 Ne7 7. Nc3 Nd7 8. Be3 b6
9. Nd2 Bb7 10. h4 Ng6 11. hxg5 hxg5 12. Qg4 Rxh1+ 13. Bxh1 c5 14. Bxg5 Nf6 15.
Bxf6 Qxf6 16. e5 Nxe5 17. dxe5 Qxe5+ 18. Be4 f5 19. Qg6+ Kf8 20. Nf3 Qxc3+ 21.
bxc3 Bxc3+ 22. Kf1 Bxe4 23. Ng5 1-0

[Event "Chess24 Banter Blitz Cup"]
[Site "chess24.com INT"]
[Date "2019.12.31"]
[Round "2.3"]
[White "Larino Nieto, David"]
[Black "Praggnanandhaa, R"]
[Result "0-1"]
[WhiteTitle "GM"]
[BlackTitle "GM"]
[WhiteElo "2473"]
[BlackElo "2567"]
[WhiteFideId "2256444"]
[BlackFideId "25059530"]
[EventDate "2019.09.25"]
[EventType "blitz"]

1. e4 c5 2. Nc3 a6 3. g3 b5 4. Bg2 Bb7 5. d3 e6 6. f4 d5 7. e5 h5 8. Nf3 Ne7 9.
h3 Nbc6 10. a4 b4 11. Ne2 Qc7 12. d4 c4 13. c3 a5 14. Be3 Ba6 15. Bf2 Rb8 16. g4
bxc3 17. bxc3 Rb3 18. Qc2 Qb6 19. Nd2 Rb2 20. Qc1 Ng8 21. Rb1 Rxb1 22. Qxb1
Qxb1+ 23. Nxb1 hxg4 24. hxg4 Rxh1+ 25. Bxh1 Nh6 26. Bf3 g6 27. Bh4 Nb8 28. Ng3
Nd7 29. f5 Nb6 30. Bd1 gxf5 31. gxf5 exf5 32. Bg5 Bc8 33. Bxh6 Bxh6 34. Na3 Bd7
35. Nb5 Bf4 36. Nh5 Bg5 37. Bc2 Bxb5 38. axb5 f4 39. Ng7+ Kf8 40. Nf5 a4 41. Bb1
a3 42. Ke2 Na4 43. Kd2 f3+ 44. Kc2 f2 45. Ng3 Ke7 46. Ba2 Kd7 47. Nf1 Bf4 48.
Bb1 Kc7 49. Ba2 Kb6 50. Bb1 Kxb5 51. Ba2 Kc6 52. Bb1 Kd7 53. Ba2 Ke6 54. Bb1 Kf5
55. Ba2 Kg4 56. Bb1 Kf3 57. Ba2 Ke2 58. Bb1 Kxf1 59. Ba2 Kg1 60. Bxc4 dxc4 61.
e6 f1=Q 0-1

[Event "Chess24 Banter Blitz Cup"]
[Site "chess24.com INT"]
[Date "2019.12.31"]
[Round "2.4"]
[White "Praggnanandhaa, R"]
[Black "Larino Nieto, David"]
[Result "0-1"]
[WhiteTitle "GM"]
[BlackTitle "GM"]
[WhiteElo "2567"]
[BlackElo "2473"]
[WhiteFideId "25059530"]
[BlackFideId "2256444"]
[EventDate "2019.09.25"]
[EventType "blitz"]

1. e4 c6 2. d4 g6 3. Nc3 Bg7 4. Nf3 d5 5. h3 dxe4 6. Nxe4 Nf6 7. Nxf6+ exf6 8.
Bd3 O-O 9. O-O a5 10. c3 Na6 11. Bf4 Nc7 12. Re1 Be6 13. Qd2 Re8 14. Bh6 Qd7 15.
Bxg7 Kxg7 16. a3 b5 17. Re2 a4 18. Rae1 Nd5 19. Be4 Nb6 20. Qf4 Bc4 21. Re3 Be6
22. R3e2 Rac8 23. Bb1 Nd5 24. Qg3 Nb6 25. Qf4 Bc4 26. Rxe8 Rxe8 27. Rxe8 Qxe8
28. Qe4 Qd7 29. Nd2 Bd5 30. Qe3 h5 31. Bd3 Be6 32. h4 Nd5 33. Qg3 Nb6 34. Qe3
Bd5 35. f3 Be6 36. Qf4 Nd5 37. Qb8 Qe7 38. Qg3 Bd7 39. Qf2 f5 40. f4 Nf6 41. Qe2
Qd8 42. g3 Ng4 43. Nf3 f6 44. Nh2 g5 45. fxg5 fxg5 46. Nxg4 hxg4 47. Qe5+ Qf6
48. hxg5 Qxe5 49. dxe5 Kg6 50. Kf2 Kxg5 51. Ke2 f4 52. Kf2 c5 53. Be4 Be8 54. e6
f3 55. Ke3 Kf6 56. Kf4 Bh5 57. e7 Kxe7 58. Kg5 f2 59. Bd3 Bf7 60. Kxg4 Bc4 0-1

[Event "Chess24 Banter Blitz Cup"]
[Site "chess24.com INT"]
[Date "2019.12.31"]
[Round "2.5"]
[White "Larino Nieto, David"]
[Black "Praggnanandhaa, R"]
[Result "1-0"]
[WhiteTitle "GM"]
[BlackTitle "GM"]
[WhiteElo "2473"]
[BlackElo "2567"]
[WhiteFideId "2256444"]
[BlackFideId "25059530"]
[EventDate "2019.09.25"]
[EventType "blitz"]

1. e4 c5 2. Nf3 e6 3. Nc3 a6 4. a4 Qc7 5. g3 Nc6 6. Bg2 Nf6 7. d3 Be7 8. h3 O-O
9. O-O d5 10. Bf4 Qd8 11. e5 Nd7 12. g4 f6 13. exf6 Bxf6 14. Bg3 Qb6 15. Rb1
Nde5 16. Nxe5 Bxe5 17. f4 Bd4+ 18. Kh2 Bd7 19. Ne2 Bf6 20. g5 Be7 21. c4 Rad8
22. cxd5 exd5 23. Bxd5+ Kh8 24. Be4 Bf5 25. Nc3 Nb4 26. Rf3 Bxe4 27. Nxe4 c4 28.
d4 Qxd4 29. Qe2 Rfe8 30. Bf2 Qd7 31. g6 Qf5 32. Rf1 Nd3 33. Ng3 Qxg6 34. f5 Qf7
35. Qc2 Bh4 36. Kg2 Nxf2 37. R1xf2 Qd5 38. Qc1 Qc6 39. Qf4 Bf6 40. Nh5 Rd3 41.
Qg4 Rxf3 42. Qxf3 Qxf3+ 43. Kxf3 Bd4 44. Rd2 Be5 45. Re2 Kg8 46. f6 g6 47. Nf4
Kf7 48. Nd5 Bxf6 49. Rxe8 Kxe8 50. Nxf6+ Ke7 51. Nd5+ Kd6 52. Nc3 Kc5 53. Ke4
Kb4 54. Kd4 Kb3 55. a5 Kxb2 56. Kxc4 Ka3 57. Nd5 1-0

[Event "Chess24 Banter Blitz Cup"]
[Site "chess24.com INT"]
[Date "2019.12.31"]
[Round "2.6"]
[White "Praggnanandhaa, R"]
[Black "Larino Nieto, David"]
[Result "1-0"]
[WhiteTitle "GM"]
[BlackTitle "GM"]
[WhiteElo "2567"]
[BlackElo "2473"]
[WhiteFideId "25059530"]
[BlackFideId "2256444"]
[EventDate "2019.09.25"]
[EventType "blitz"]

1. g3 h5 2. Nf3 d6 3. d4 Nd7 4. c4 e5 5. Nc3 Ngf6 6. Bg5 exd4 7. Nxd4 Ne5 8. Bg2
Be7 9. Qb3 c6 10. Rd1 Nfg4 11. Bxe7 Qxe7 12. Rd2 h4 13. h3 Nxf2 14. Kxf2 hxg3+
15. Ke1 g5 16. Ne4 g4 17. h4 Rxh4 18. Rxh4 Qxh4 19. Nf5 Qh2 20. Nexd6+ Kf8 21.
Qxg3 Qg1+ 22. Bf1 Qxg3+ 23. Nxg3 Be6 24. b3 b5 25. cxb5 cxb5 26. Bg2 Rb8 27.
Nde4 a5 28. Nc5 a4 29. Nxe6+ fxe6 30. bxa4 bxa4 31. Rd4 Rb1+ 32. Kf2 a3 33. Ra4
Ke7 34. Rxa3 Rb2 35. Ra7+ Kf6 36. Be4 Nc4 37. Bd3 Ne5 38. Be4 Nc4 39. Ra4 Nd6
40. Bd3 Nf7 41. Rxg4 Ne5 42. Nh5+ Ke7 43. Rg7+ Kd6 44. Be4 Rxa2 45. Nf6 Nc4 46.
Ne8+ Ke5 47. Bf3 Nb2 48. Rg5+ Kf4 49. Rg4+ Ke5 50. Re4+ Kf5 51. Ng7+ Kf6 52.
Nxe6 Nd3+ 53. Kg3 Nc1 54. Nf4 Ra3 55. Rc4 Na2 56. Nd5+ Ke5 57. Nb4 Nc3 58. Nd3+
Kf6 59. Kf2 Nxe2 60. Rc6+ Kf5 61. Bxe2 Kg5 62. Rc5+ Kh4 63. Rc4+ Kh3 64. Nf4+
Kh4 65. Nd5+ Kg5 66. Ne3 Kf6 67. Rc6+ 1-0

[Event "Chess24 Banter Blitz Cup"]
[Site "chess24.com INT"]
[Date "2019.12.31"]
[Round "2.7"]
[White "Larino Nieto, David"]
[Black "Praggnanandhaa, R"]
[Result "1-0"]
[WhiteTitle "GM"]
[BlackTitle "GM"]
[WhiteElo "2473"]
[BlackElo "2567"]
[WhiteFideId "2256444"]
[BlackFideId "25059530"]
[EventDate "2019.09.25"]
[EventType "blitz"]

1. e4 e5 2. Nf3 d6 3. Nc3 Nf6 4. g3 g6 5. Bg2 Bg7 6. O-O O-O 7. h3 Nbd7 8. d4 c6
9. Be3 Qc7 10. Qd2 Re8 11. Rfe1 b6 12. Rad1 Bb7 13. Bh6 Rad8 14. Bxg7 Kxg7 15.
Nh4 h6 16. f4 b5 17. a3 a5 18. Qf2 b4 19. axb4 axb4 20. Ne2 Ba6 21. g4 Bxe2 22.
Rxe2 exd4 23. Rxd4 Ra8 24. Rd1 Ra2 25. b3 Rea8 26. Qd4 c5 27. Qxd6 Qxd6 28. Rxd6
R8a7 29. e5 Ne8 30. Rdd2 Nf8 31. f5 Ra1+ 32. Kh2 gxf5 33. gxf5 Nh7 34. Bc6 Ra8
35. Rg2+ Kf8 36. Nf3 Ng7 37. Be4 Re8 38. Rde2 Nh5 39. Rg4 Rf1 40. Kg2 Rd1 41. f6
Ng5 42. Nxg5 hxg5 43. Rxg5 Nf4+ 44. Kf3 Nxe2 45. Kxe2 Red8 46. Bh7 R8d2+ 47. Ke3
Ke8 48. Bf5 Kf8 49. e6 fxe6 50. Bxe6 Re1+ 51. Kxd2 Rxe6 52. Rxc5 Rxf6 53. Rc4
Rh6 54. Rxb4 Rxh3 55. Rc4 Ke7 56. Kc1 Kd6 57. Kb2 Kd7 58. Rc3 Kd6 59. Rxh3 Kd7
60. Rd3+ Kc6 61. Kc3 Kb7 62. Kd4 Ka6 63. Ke5 Kb6 64. Ke6 Kb5 65. Ke7 Kb4 66. Kd8
Ka3 67. Kd7 1-0

[Event "Chess24 Banter Blitz Cup"]
[Site "chess24.com INT"]
[Date "2019.12.31"]
[Round "2.8"]
[White "Praggnanandhaa, R"]
[Black "Larino Nieto, David"]
[Result "0-1"]
[WhiteTitle "GM"]
[BlackTitle "GM"]
[WhiteElo "2567"]
[BlackElo "2473"]
[WhiteFideId "25059530"]
[BlackFideId "2256444"]
[EventDate "2019.09.25"]
[EventType "blitz"]

1. b3 e5 2. Bb2 Nc6 3. e3 d5 4. Bb5 Bd6 5. Nf3 Qe7 6. c4 dxc4 7. bxc4 Bd7 8. Nc3
Nf6 9. O-O e4 10. Bxc6 bxc6 11. Nd4 Bxh2+ 12. Kxh2 Ng4+ 13. Kg3 h5 14. Qa4 h4+
15. Kh3 Qe5 16. f4 exf3 0-1

[Event "Chess24 Banter Blitz Cup"]
[Site "chess24.com INT"]
[Date "2019.12.31"]
[Round "2.9"]
[White "Larino Nieto, David"]
[Black "Praggnanandhaa, R"]
[Result "1-0"]
[WhiteTitle "GM"]
[BlackTitle "GM"]
[WhiteElo "2473"]
[BlackElo "2567"]
[WhiteFideId "2256444"]
[BlackFideId "25059530"]
[EventDate "2019.09.25"]
[EventType "blitz"]

1. e4 e5 2. Nf3 d6 3. Nc3 Nf6 4. g3 g6 5. Bg2 Bg7 6. h3 O-O 7. O-O Re8 8. d4
exd4 9. Nxd4 Nbd7 10. Be3 Nc5 11. Qd2 Bd7 12. b4 Ne6 13. Nde2 a5 14. a3 Bc6 15.
b5 Bd7 16. f4 Qe7 17. g4 Nc5 18. Ng3 h6 19. Rae1 Qf8 20. Bd4 Nh7 21. Bxc5 dxc5
22. e5 Rad8 23. Qf2 Be6 24. Bxb7 Bc4 25. Nge2 f6 26. Bc6 Re7 27. f5 fxe5 28.
Qxc5 Bxe2 29. Rxe2 Ng5 30. h4 e4 31. Qc4+ Qf7 32. Bd5 Rxd5 33. Nxd5 Rd7 34. hxg5
Qxd5 35. Qxd5+ Rxd5 36. Rxe4 hxg5 37. f6 Bf8 38. f7+ Kg7 39. a4 Rc5 40. c4 c6
41. b6 1-0

[Event "Chess24 Banter Blitz Cup"]
[Site "chess24.com INT"]
[Date "2019.12.31"]
[Round "2.10"]
[White "Praggnanandhaa, R"]
[Black "Larino Nieto, David"]
[Result "1-0"]
[WhiteTitle "GM"]
[BlackTitle "GM"]
[WhiteElo "2567"]
[BlackElo "2473"]
[WhiteFideId "25059530"]
[BlackFideId "2256444"]
[EventDate "2019.09.25"]
[EventType "blitz"]

1. c4 e6 2. Nc3 b6 3. Nf3 g5 4. d4 h6 5. e4 d6 6. Be2 Nd7 7. Be3 Bb7 8. Qc2 Bg7
9. Rd1 Ne7 10. Nd2 Ng6 11. Nf1 h5 12. Qc1 f6 13. d5 Qe7 14. Nb5 Nde5 15. dxe6
Bxe4 16. Ng3 f5 17. Bxg5 Bh6 18. Nxe4 fxe4 19. Bxe7 Bxc1 20. Bf6 O-O 21. Bxe5
Nxe5 22. Rxc1 Rfc8 23. Bxh5 a6 24. Nd4 Nd3+ 25. Kd2 Nxc1 26. Rxc1 Kg7 27. e7 Kf6
28. e8=Q Rxe8 29. Bxe8 Rxe8 30. Ke3 Ke5 31. Ne2 Rg8 32. g3 c6 33. Rd1 Rd8 34.
Nf4 b5 35. b3 bxc4 36. bxc4 Rb8 37. Ng6+ Ke6 38. Kxe4 Rb2 39. Nf4+ Ke7 40. Kf3
Rxa2 41. h4 Ra3+ 42. Kg2 Rc3 43. h5 Rxc4 44. h6 Rb4 45. h7 1-0